| 000 | 00833nam a2200241 i 4500 | ||
|---|---|---|---|
| 001 | 189239 | ||
| 003 | SpMaBN | ||
| 005 | 20240104181530.0 | ||
| 008 | 190429s1995 sp ac |||| |dspa d | ||
| 020 | _a84-7086-322-3 | ||
| 080 | _a929 Caro Baroja, Julio | ||
| 100 | 1 |
_aMaraña, Félix. _976309 |
|
| 245 | 1 | 0 |
_aJulio Caro Baroja, el hombre necesario _b: (1914-1995) / _cFélix Maraña. |
| 260 |
_aZarautz : _bItxaropena, _c[1995] |
||
| 300 |
_a121 p., [1] h. de lám. : _bil., retr. ; _c20 cm. |
||
| 490 | 1 |
_aVascos de palabra ; _v1 |
|
| 596 | _aEn port.: [Bermingham, edit.] | ||
| 600 | 1 | 4 |
_aCaro Baroja, Julio, _d1914-1995 _935403 |
| 830 | 0 |
_aVascos de palabra ; _v1 _9225797 |
|
| 852 |
_aES-MaACL _jA-14528 _9196377 _bR.151933 _cDEPO1 _dOlim: N-7528 _hDonación: Editorial |
||
| 942 |
_2udc _cMONOGRAFIA |
||
| 999 |
_c189239 _d189239 |
||